000 00307nam a22001337a 4500
008 170619b xxu||||| |||| 00| 0 eng d
020 _a9780875814100
041 _aeng
080 _23RD
_a32
100 _a20
101 _aSHP
245 _aAMERICAN FOREIGN POLICY & PROCESS
_cCORMICK,MC
942 _2udc
_cBK
999 _c17989
_d17989